| 000 | 00683cam a2200253 4500 | ||
|---|---|---|---|
| 008 | 090401t1997 xxu||||| |||| 00| 0 eng d | ||
| 020 | _a1861340451 | ||
| 035 | _a(Sirsi) u78108 | ||
| 041 | _aeng | ||
| 050 | _a306.65 | ||
| 100 | _aLeather, Philip | ||
| 245 | 4 | _aThe state of UK housing: a fact file on dwelling conditions. | |
| 260 |
_aBristol _bPolicy Press _c1997 |
||
| 350 | _a15.95 | ||
| 520 | _aProduced in association with the Joseph Rowntree Foundation. | ||
| 650 | _aHOUSING CONDITIONS | ||
| 650 | _aHOUSING STOCK | ||
| 650 | _aPOOR HOUSING | ||
| 650 | _aRENOVATION | ||
| 690 | _aHOUSING | ||
| 700 | _aMorrison, Tanya | ||
| 942 | _n0 | ||
| 948 | _c01/05/1997 | ||
| 999 |
_c96385 _d96385 |
||